000 00657nam a2200229 a 4500
005 20241129063743.0
008 991125s1994 mx 000 0 spa u
020 _a968296184X
035 _aUPN01000052466
049 _aI
050 4 _aPZ74.9 M3.7
100 1 _aMacías, Elva,
_d1944-
_930163
245 1 3 _aLa ronda de la luna /
_cElva Macías; il. Erika Magaña
260 _aMéxico :
_bCNCA$bCORUNDA,
_c1994
300 _a21 p. :
_bil. col
440 3 _aEl sueño del dragón
650 4 _aPoesía infantil mexicana
_91260
650 4 _aRimas infantiles
_910247
902 _aCAV CARLOS AGUILAR VILLA
904 _aAC
_b052468
905 _aInfantil
999 _c52466
_d52466